Journal of Humanitarian Affairs | Manchester University Press

Dades bibliogràfiques
Format: Electrònic Revista
Idioma:English
Publicat: Cambridge University Press
Accés en línia:Full text available on Research4Life (HINARI,AGORA,OARE,ARDI & GOALI)
LEADER 00794cas a2200169 a 4500
001 AALejournalResearch4Life013639
008 240902c9999 xx r poo 0 0eng d
022 |a 25156411 
040 |a BD-DhAAL  |c BD-DhAAL 
245 0 0 |h [electronic resource]  |a Journal of Humanitarian Affairs | Manchester University Press 
260 |b Cambridge University Press 
300 |a 1 online resource 
362 0 |a 2019 - current issue 
500 |a <strong>On-Campus Access Only (IP based access)</strong> 
506 |a Electronic access restricted to authorized BRAC University faculty, staff and students 
538 |a Mode of access: Internet 
856 4 0 |z Full text available on Research4Life (HINARI,AGORA,OARE,ARDI & GOALI)  |u https://www.manchesteropenhive.com/view/journals/jha/jha-overview.xml?journal-contents=about